000
00277nam a22001097a 4500
008
230627b xxu||||| |||| 00| 0 eng d
082
_a
338.5
_b
HOW 1978
245
_a
Industrial Economics
260
_a
London
_b
The Macmillan Press Ltd
_c
1978
300
_a
IX,255p
942
_2
ddc
_c
BK
999
_c
2908
_d
2908